Boy's names that start with B - Statistics

General Stats
  • This quiz has been taken 38 times
    29 since last reset
  • The average score is 9 of 15
Answer Stats
Hint Answer % Correct
_______the Builder Bob
92%
Marge and Homer's son Bart
85%
Half of Brangelina Brad
81%
Singer Springsteen Bruce
81%
Peter Griffin's dog Brian
73%
_________Mac Bernie
65%
Ernie's roommate Bert
65%
44th president of the US Barack
62%
Jacob and Rachel's younger son Benjamin
54%
Fred and Wilma's neighbor Barney
50%
Country singer Shelton Blake
50%
Actor Frasier Brenden
46%
"Into the Night" singer Benny
27%
_________"The Hitman" Hart Bret
27%
Estella's husband in Great Expectations Bentley
8%
No matching quizzes found
Score Distribution
Percent of People with Each Score
Percentile by Number Answered
Your Score History
You have not taken this quiz since the last reset